000
00220nam a2200109 4500
082
_a
HOG
100
_a
Hogan
245
_a
CP/M User Guide
260
_a
Singapore:
_b
McGraw-Hill,
_c
1988.
300
_a
200p. ;
942
_c
BK
999
_c
10370
_d
10370